Vista normal
Vista MARC
Entrada Nombre personal
Número de registros utilizados en: 7
001 - NÚMERO DE CONTROL
- campo de control: 43084
003 - IDENTIFICADOR DEL NÚMERO DE CONTROL
- campo de control: BNPHU
005 - FECHA Y HORA DE LA ÚLTIMA TRANSACCIÓN
- campo de control: 20240301141809.0
008 - DATOS DE LONGITUD FIJA
- campo de control de longitud fija: 200615|| aca||aabn | a|a d
040 ## - FUENTE DE LA CATALOGACIÓN
- Centro catalogador/agencia de origen: DO-SdBNP
- Lengua de catalogación: spa
- Centro/agencia transcriptor: BNPHU
- Normas de descripción: rda
100 1# - ENCABEZAMIENTO-NOMBRE DE PERSONA
- Nombre de persona: Arias, José Adalberto,
- Fechas asociadas al nombre: 1951-
400 1# - TRAZADO DE VÉASE--NOMBRE DE PERSONA
- Nombre de persona: Arias, José A.
- Fechas asociadas al nombre: 1951-
670 ## - FUENTE DE DATOS ENCONTRADOS
- Cita de la fuente: Work cat.: (OSt)19921: Arias, José Adalberto, Cómo iniciar un pequeño negocio para un emprendedor /, 2016.
670 ## - FUENTE DE DATOS ENCONTRADOS
- Cita de la fuente: La depreciación del peso dominicano en el mercado paralelo de divisas, 1985
